|
|
|
|
| LEADER |
00000nab a2200000 a 4500 |
| 001 |
vtls001026365 |
| 003 |
SK-MaSNL |
| 005 |
20260303210736.0 |
| 008 |
040720e19990729xo 0 slo |
| 035 |
|
|
|a SL4919
|
| 040 |
|
|
|a SLLK
|b slo
|c SLLK
|e AACR2
|
| 041 |
0 |
|
|a slo
|
| 044 |
|
|
|a xo
|c SK
|
| 080 |
|
|
|a 371.235
|2 1981
|
| 100 |
0 |
|
|a (Ká)
|4 aut
|9 851923
|
| 245 |
1 |
0 |
|a Už aby bol opäť september!
|
| 650 |
0 |
7 |
|a prázdniny (školské)
|2 SLLK
|9 29906
|
| 650 |
0 |
7 |
|a voľný čas
|2 SLLK
|9 3355
|
| 650 |
0 |
7 |
|a deti
|2 SLLK
|9 773
|
| 650 |
0 |
7 |
|a rodičia
|2 SLLK
|9 24378
|
| 650 |
0 |
7 |
|a ankety
|2 SLLK
|9 29502
|
| 651 |
|
7 |
|a SL,
|2 SLLK
|9 1022390
|
| 655 |
|
7 |
|a periodikum
|2 snkbucl
|9 29553
|
| 773 |
0 |
8 |
|t Ľubovnianske noviny
|g Roč. 25, č.30, 29.7.1999, s. 1
|
| 852 |
|
|
|a ZVYKNI
|b KIS3GCP
|
| 999 |
|
|
|c 2201475
|d 2203405
|